| 000 | 00810cam5a220025300 4500 | ||
|---|---|---|---|
| 001 | lce00951863 | ||
| 005 | 20190814122347.0 | ||
| 008 | 711014s1970 ii a b 000 0 eng | ||
| 010 | _a 73920437 /SA/r92 | ||
| 020 | _cRs15.00 | ||
| 035 | _a(Sirsi) r88259 | ||
| 035 | _a(DLC) 73920437 /SA/r92 | ||
| 035 | _a(UPRA)lce00951863 | ||
| 040 |
_aDLC _cDLC _dDLC _dUPRA |
||
| 050 | 0 | 0 |
_aRC454 _b.D36 |
| 100 | 1 |
_aDeb, A. K. (Ajit Kumar) _qDeb, A. K. (Ajit Kumar) _6A47683.1 |
|
| 245 | 1 | 3 |
_aAn outline of psychiatry : _bfor students and practitioners in the tropics / _cby A.K. Deb. |
| 250 | _a[1st ed. | ||
| 260 |
_aCalcutta] : _bAcademic Publishers, _c1970. |
||
| 504 | _aBibliography: p. 265-267. | ||
| 650 | 0 |
_aPsychiatry. _6S175.1 |
|
| 949 |
_aRC454 _wLC _i-123385 _mMEDICAL _tBOOK _lON-SHELF |
||
| 004 | 88259 | ||
| 999 |
_c52145 _d52145 |
||